000 00321nam a2200121Ia 4500
008 240731s9999 xx 000 0 und d
022 _a1465-3656
245 0 _aNeurocase : Behavior, Cognition and Neuroscience
260 _bRoutledge
856 _uhttps://www.tandfonline.com/loi/nncs20
942 _2ddc
942 _cTFEJ
999 _c78682
_d78682
945 _a1
_bMadushi Gamage
_c1
_dMadushi Gamage